01225 2200361 4500001002100000005001500021035002000036007000300056008004100059020002200100082001500122084001800137100005000155245018500205250003000390300004700420650002300467700003300490700002600523700003300549264003200582336002100614337003000635338002300665090002200688850001200710504003100722999002200753040002200775990002200797990002200819990002200841INLIS00000000087913320230612112457 a0010-0623000206ta230612 2023 a g ind  a978-623-02-6496-204223a658.15 a658.15 MCD m0 aMc Donald Ferdinand Steven PorajowePengarang10aManajamen keuangan be ready for anything :bhow to prepare for financial depression /cMc Donald Ferdinand Steven Porajow; penyunting, Marjam Mangantar, Sri Murni, Hendrik Gamaliel aCetakan pertama, Mei 2023 aviii, 100 halaman :bbagan, tabel ;c23 cm 4aManajemen keuangan0 aMarjam MangantarePenyunting0 aSri MurniePenyunting0 aHendrik GamalielePenyunting31aSleman :bDeepublish,c2023 2rdacontentateks 2rdamediaatanpa perantara 2rdacarrieravolume aCB-D.11 2023-0691 aYOPDYOG aBibliografi: halaman 95-99 aCB-D.11/2023-0691 aYOPDYOGbindcrda aCB-D.11/2023-0691 aCB-D.11/2023-0691 aCB-D.11/2023-0691